000 00897nam a2200265Ia 4500
003 OSt
005 20220923230528.0
006 a|||||r|||| 00| 0
007 ta
008 220922b |||||||| |||| 00| 0 hin d
020 _c190
024 _a282,821
037 _b318, 09/01/2015, Vani Prakashan
_cTextual
040 _aARTS
_cARTS
_bhin
041 _2hin
_ahin
082 _aO152,1N3413x, N9
100 _aमहेश सन्तोषी
245 0 _aअलविदा बीसवीं सदी
246 _aAlavidā bīsavīan sadī
260 _aनयी दिल्ली
_b वाणी प्रकाशन
_c1999
300 _a95पृ.
_ccm.
650 _aहिन्दी साहित्य
_9156264
942 _hO152,1N3413x, N9
_cTEXL
_2CC
999 _c385480
_d385480